[Event "2BLW 1819 SV Koblenz - SV Mülheim Nord"]
[Site "?"]
[Date "2019.03.24"]
[Round "8.7"]
[White "Bus, Tom"]
[Black "Repplinger, Marc"]
[Result "1/2-1/2"]
[WhiteElo "2153"]
[BlackElo "2206"]
[PlyCount "92"]
[EventDate "2019.??.??"]

1. e4 c5 2. Nf3 e6 3. d4 cxd4 4. Nxd4 Nc6 5. Nxc6 bxc6 6. Bd3 Nf6 7. O-O d5 8.
Nd2 Be7 9. Qe2 O-O 10. Re1 Re8 11. e5 Nd7 12. c3 f5 13. exf6 Bxf6 14. Qh5 g6
15. Bxg6 hxg6 16. Qxg6+ Bg7 17. Rxe6 Nf6 18. Rxe8+ Qxe8 19. Qxe8+ Nxe8 20. Nb3
Nd6 21. Na5 Bd7 22. Bf4 Bf8 23. Re1 Kf7 24. f3 Re8 25. g4 c5 26. Nb3 Nc4 27.
Re2 Bg7 28. h4 d4 29. Kg2 d3 30. Rf2 Ba4 31. h5 Bxb3 32. axb3 Na5 33. Rd2 Rd8
34. Bc7 Nxb3 35. Bxd8 Nxd2 36. Kf2 c4 37. Bg5 Nb3 38. Be3 a5 39. g5 d2 40. Ke2
Bxc3 41. g6+ Kg7 42. bxc3 a4 43. Bf4 a3 44. Be5+ Kh6 45. Bf4+ Kg7 46. Be5+ Kh6
1/2-1/2

[Event "2BLW 1819 SV Koblenz - SV Mülheim Nord"]
[Site "?"]
[Date "2019.03.24"]
[Round "8.8"]
[White "Bohn, Thomas"]
[Black "Limbourg, Philipp"]
[Result "1/2-1/2"]
[WhiteElo "2328"]
[BlackElo "2212"]
[PlyCount "80"]
[EventDate "2019.??.??"]

1. f4 c5 2. Nf3 Nc6 3. e4 g6 4. Nc3 Bg7 5. Bc4 e6 6. f5 gxf5 7. d3 Nge7 8. O-O
O-O 9. Ng5 f6 10. Nh3 fxe4 11. dxe4 Ne5 12. Be2 N7g6 13. Nf4 Nxf4 14. Bxf4 b6
15. Bxe5 fxe5 16. Rxf8+ Qxf8 17. Bc4 Qe7 18. Qg4 Bb7 19. Rd1 Kh8 20. Rd3 Rf8
21. Qd1 Bc6 22. Bb5 c4 23. Rd6 Bxb5 24. Nxb5 Bh6 25. h3 a6 26. Na3 Be3+ 27. Kh2
Bd4 28. Nxc4 b5 29. Rxd4 exd4 30. Qxd4+ Qg7 31. Ne5 d6 32. Qxd6 Rg8 33. Ng4 h5
34. Ne3 e5 35. g4 Qg5 36. Nf5 hxg4 37. Qxe5+ Kh7 38. Qc7+ Kh8 39. Qe5+ Kh7 40.
Qc7+ Kh8 1/2-1/2

[Event "2BLW 1819 Aachener SV - TSV Schott Main"]
[Site "?"]
[Date "2019.04.07"]
[Round "9.1"]
[White "Lobron, Eric"]
[Black "Seel, Christian"]
[Result "1/2-1/2"]
[WhiteElo "2508"]
[BlackElo "2481"]
[PlyCount "56"]
[EventDate "2019.??.??"]

1. e4 e5 2. Nf3 Nc6 3. Bc4 Bc5 4. c3 Nf6 5. d3 O-O 6. O-O d5 7. exd5 Nxd5 8.
Re1 Bg4 9. h3 Bh5 10. Nbd2 Nb6 11. Bb5 Bd6 12. Ne4 f5 13. Bxc6 bxc6 14. Ng3
Bxf3 15. Qxf3 Qd7 16. Bd2 e4 17. Qe2 Bxg3 18. fxg3 exd3 19. Qf2 Rae8 20. b3 Re4
21. c4 Nc8 22. Rad1 Qe6 23. Bc3 Rd8 24. Kh2 a6 25. Qf3 Ne7 26. Rf1 Re3 27. Qf4
Rd7 28. Qg5 Ng6 1/2-1/2

[Event "2BLW 1819 Aachener SV - TSV Schott Main"]
[Site "?"]
[Date "2019.04.07"]
[Round "9.2"]
[White "Koch, Thomas"]
[Black "Balcerak, Jakob"]
[Result "1/2-1/2"]
[WhiteElo "2474"]
[BlackElo "2473"]
[PlyCount "128"]
[EventDate "2019.??.??"]

1. d4 d5 2. c4 c6 3. Nc3 Nf6 4. Nf3 dxc4 5. a4 Bf5 6. e3 e6 7. Bxc4 Bb4 8. O-O
Nbd7 9. Qe2 O-O 10. e4 Bg6 11. Bd3 Bh5 12. e5 Nd5 13. Nxd5 cxd5 14. Qe3 Bg6 15.
Ng5 Re8 16. Bxg6 fxg6 17. a5 Rc8 18. a6 Qb6 19. Qd3 Rc4 20. Be3 bxa6 21. h4 Be7
22. b3 Rc6 23. Nf3 Rec8 24. Bd2 Nb8 25. Ra4 Rc2 26. Rb1 Qd8 27. g3 Qf8 28. Ne1
R2c7 29. Ng2 Qf5 30. Qxf5 gxf5 31. Kf1 Kf7 32. Ke2 Nc6 33. Ne1 Rb7 34. Nf3 a5
35. Bxa5 Nxa5 36. Rxa5 Rc2+ 37. Kf1 h6 38. h5 Bd8 39. Rc5 Ra2 40. Rc8 Ke7 41.
Rbc1 Kd7 42. Nh4 f4 43. R8c3 fxg3 44. fxg3 Bg5 45. Rd1 Rc7 46. Rdd3 Rxc3 47.
Rxc3 Bxh4 48. gxh4 Rd2 49. Rg3 Rxd4 50. Rxg7+ Ke8 51. Rg6 Kf7 52. Rf6+ Ke7 53.
Rxh6 Rxh4 54. Rh7+ Kf8 55. Kg2 Re4 56. Rxa7 Rxe5 57. h6 Kg8 58. b4 d4 59. Rd7
Re2+ 60. Kf1 Rh2 61. h7+ Kh8 62. Rxd4 Kxh7 63. Re4 Rb2 64. Rxe6 Rxb4 1/2-1/2

[Event "2BLW 1819 Aachener SV - TSV Schott Main"]
[Site "?"]
[Date "2019.04.07"]
[Round "9.6"]
[White "Klein, Felix"]
[Black "Gohil, Harry"]
[Result "1/2-1/2"]
[WhiteElo "2308"]
[BlackElo "2234"]
[PlyCount "104"]
[EventDate "2019.??.??"]

1. e4 c5 2. Nf3 Nc6 3. d4 cxd4 4. Nxd4 e5 5. Nb5 d6 6. N1c3 a6 7. Na3 Be7 8.
Nc4 b5 9. Ne3 Nf6 10. g3 h5 11. Bg2 h4 12. O-O h3 13. Bh1 Rb8 14. Ncd5 Be6 15.
c3 Qd7 16. Nxf6+ Bxf6 17. Nd5 Bd8 18. Be3 Ne7 19. Nxe7 Bxe7 20. Qd2 Qb7 21. Bg5
f6 22. Be3 Bd7 23. Qe2 Bc6 24. Qg4 Kf7 25. Rad1 g6 26. Bc1 Rbg8 27. Qe2 Qb6 28.
Rfe1 Qa5 29. b4 Qc7 30. c4 Bd7 31. cxb5 Bxb5 32. Qb2 Qc4 33. Bd2 Rc8 34. Rc1
Qe6 35. Bf3 Rc4 36. Rxc4 Bxc4 37. a3 d5 38. exd5 Bxd5 39. Qc3 Bxf3 40. Qxf3 Rd8
41. Be3 Rd3 42. g4 Rxa3 43. Qxh3 Kg8 44. Rc1 Rb3 45. Qh4 Rxb4 46. h3 Rc4 47.
Rd1 Qc8 48. Qh6 Qe8 49. Rd7 Qxd7 50. Qxg6+ Kh8 51. Qh6+ Kg8 52. Qg6+ Kh8
1/2-1/2

[Event "2BLW 1819 Aachener SV - TSV Schott Main"]
[Site "?"]
[Date "2019.04.07"]
[Round "9.8"]
[White "Breitkopf-Lazar, Patrick-Robert"]
[Black "Siebenhaar, Erich"]
[Result "1-0"]
[WhiteElo "1589"]
[BlackElo "2039"]
[PlyCount "117"]
[EventDate "2019.??.??"]

1. e4 Nf6 2. e5 Nd5 3. d4 d6 4. Nf3 dxe5 5. Nxe5 c6 6. Bd3 Nd7 7. O-O g6 8. c4
Nxe5 9. dxe5 Nb4 10. Be4 Qxd1 11. Rxd1 Bg7 12. Bf4 O-O 13. a3 Na6 14. b4 Be6
15. Nd2 Rad8 16. Nb3 Bxc4 17. Na5 Bd5 18. Bxd5 cxd5 19. Nxb7 Rd7 20. Na5 g5 21.
Bg3 h5 22. h3 Rc8 23. Rac1 Rxc1 24. Rxc1 Nc7 25. Nc6 Nb5 26. a4 Na3 27. b5 d4
28. h4 Bh6 29. Rd1 d3 30. e6 fxe6 31. hxg5 Bxg5 32. Ne5 Rd4 33. Nf3 Rd5 34.
Nxg5 Nc4 35. Nf3 Nb2 36. Rb1 d2 37. Nxd2 Rxd2 38. Bb8 Nxa4 39. Bxa7 Rd7 40. b6
Rb7 41. Rb4 Nc5 42. Rc4 Na6 43. Kh2 Kf7 44. Kg3 e5 45. Kh4 Ke6 46. Kxh5 Kd5 47.
Rc8 e6 48. Kg6 Kd6 49. g4 Nc5 50. Rc7 e4 51. Rxb7 Nxb7 52. g5 Nc5 53. Kh7 Kc6
54. b7 Nxb7 55. g6 Nd6 56. g7 Ne8 57. Bd4 Nxg7 58. Kxg7 Kd5 59. Be3 1-0

[Event "2BLW 1819 SV Mülheim Nord 1931 II - SV "]
[Site "?"]
[Date "2019.04.07"]
[Round "9.1"]
[White "Dubiel, Jacek"]
[Black "Rezasade, Amir"]
[Result "1/2-1/2"]
[WhiteElo "2429"]
[BlackElo "2332"]
[PlyCount "41"]
[EventDate "2019.??.??"]

1. e4 c6 2. Nc3 d5 3. Nf3 Bg4 4. h3 Bxf3 5. Qxf3 e6 6. g3 Nf6 7. Bg2 Nbd7 8. d4
Nxe4 9. Nxe4 dxe4 10. Qxe4 Nf6 11. Qd3 a5 12. O-O Be7 13. Rd1 a4 14. c4 O-O 15.
Be3 Qa5 16. Rab1 Rfd8 17. Qc3 Bb4 18. Qc2 Be7 19. Qc3 Bb4 20. Qc2 Be7 21. Qc3
1/2-1/2

[Event "2BLW 1819 SV Mülheim Nord 1931 II - SV "]
[Site "?"]
[Date "2019.04.07"]
[Round "9.2"]
[White "Van Osch, Mees"]
[Black "Heinz, Axel"]
[Result "1/2-1/2"]
[WhiteElo "2309"]
[BlackElo "2445"]
[PlyCount "47"]
[EventDate "2019.??.??"]

1. e4 e5 2. Nf3 Nc6 3. Nc3 Nf6 4. Bb5 Nd4 5. Bc4 Bc5 6. Nxe5 Qe7 7. Nf3 d5 8.
Bxd5 Bg4 9. d3 O-O-O 10. Be3 Nxd5 11. Nxd5 Rxd5 12. exd5 Re8 13. c3 Nxf3+ 14.
gxf3 Qh4 15. Kd2 Rxe3 16. fxe3 Qf2+ 17. Kc1 Bxf3 18. Qf1 Bxe3+ 19. Kb1 Bxh1 20.
Qxh1 Qe2 21. a4 Qxd3+ 22. Ka2 Qc4+ 23. Kb1 Qd3+ 24. Ka2 1/2-1/2

[Event "2BLW 1819 SV Mülheim Nord 1931 II - SV "]
[Site "?"]
[Date "2019.04.07"]
[Round "9.4"]
[White "Van Meegen, Ruud"]
[Black "Stork, Oliver"]
[Result "1-0"]
[WhiteElo "2297"]
[BlackElo "2197"]
[PlyCount "105"]
[EventDate "2019.??.??"]

1. Nf3 Nf6 2. c4 e6 3. Nc3 d5 4. e3 Be7 5. b3 O-O 6. Bb2 c5 7. cxd5 exd5 8. d4
Nc6 9. Be2 Be6 10. O-O Rc8 11. dxc5 Bxc5 12. Rc1 Qe7 13. Nb5 Ne4 14. Nbd4 Nxd4
15. Nxd4 Bb4 16. Bd3 Bd7 17. Qh5 Qg5 18. Qxg5 Nxg5 19. Nf5 Bxf5 20. Bxf5 Ne6
21. Rfd1 Rxc1 22. Rxc1 g6 23. Bg4 h5 24. Bf3 Rd8 25. Bf6 Rd7 26. Rd1 d4 27. Be2
Rc7 28. exd4 Rc2 29. Bf3 Bc3 30. g3 Rxa2 31. Rd3 Be1 32. Bxb7 Bxf2+ 33. Kf1 a5
34. Bd5 Rb2 35. Bxe6 fxe6 36. Rf3 Bxd4 37. Bxd4 Rxh2 38. Rf6 Rd2 39. Be5 Rd3
40. Rxg6+ Kf7 41. Rg7+ Kf8 42. Rb7 h4 43. gxh4 Rh3 44. Bc7 a4 45. bxa4 Rxh4 46.
a5 Ra4 47. Bb6 Ke8 48. Ke2 Ra3 49. Ra7 Rb3 50. Be3 Kd8 51. a6 Kc8 52. Rh7 Rb8
53. Rh8+ 1-0

[Event "2BLW 1819 SV Mülheim Nord 1931 II - SV "]
[Site "?"]
[Date "2019.04.07"]
[Round "9.5"]
[White "Fromme, Ernst"]
[Black "Wittenberg, Andreas"]
[Result "1/2-1/2"]
[WhiteElo "2133"]
[BlackElo "2208"]
[PlyCount "29"]
[EventDate "2019.??.??"]

1. Nf3 c5 2. g3 b6 3. Bg2 Bb7 4. O-O Nf6 5. d3 d5 6. c4 e6 7. cxd5 Nxd5 8. Ne5
Bd6 9. Nc4 Be7 10. Bd2 O-O 11. Nc3 Nc6 12. Ne3 Nf6 13. Qa4 Qd7 14. Ne4 Rfd8 15.
Rfe1 1/2-1/2

[Event "2BLW 1819 SV Mülheim Nord 1931 II - SV "]
[Site "?"]
[Date "2019.04.07"]
[Round "9.6"]
[White "Bus, Tom"]
[Black "Haubt, Georg"]
[Result "1/2-1/2"]
[WhiteElo "2155"]
[BlackElo "2146"]
[PlyCount "129"]
[EventDate "2019.??.??"]

1. e4 d5 2. exd5 Qxd5 3. Nc3 Qd6 4. d4 Nf6 5. Nf3 a6 6. g3 b5 7. Bg2 Bb7 8. O-O
e6 9. Ne5 Bxg2 10. Kxg2 Qb6 11. Qf3 Ra7 12. d5 Bc5 13. Bg5 Nbd7 14. Bxf6 Nxf6
15. Ne4 Be7 16. Nc6 Nxd5 17. Nxa7 Qxa7 18. a4 b4 19. c4 Nb6 20. b3 O-O 21. Rad1
f5 22. Nd2 Nd7 23. Rfe1 Nc5 24. Qc6 Qa8 25. Qxa8 Rxa8 26. Nf3 Bf6 27. Ne5 Re8
28. Nd3 Nxb3 29. Nxb4 Nc5 30. Nd3 Nxa4 31. Ne5 Nc5 32. Ra1 Ra8 33. Ra2 Ne4 34.
Nc6 Kf7 35. f3 Nd6 36. Ra4 Nb7 37. Rb1 Nd8 38. Rb8 Rxb8 39. Nxb8 Bd4 40. Nxa6
c6 41. Nb4 Ke7 42. Ra8 Bc5 43. Nd3 Bd4 44. Nb4 Bc5 45. Na6 Bd4 46. c5 e5 47.
Rc8 e4 48. fxe4 fxe4 49. Nb4 Bxc5 50. Nxc6+ Kd7 51. Rxd8+ Kxc6 52. Kf1 Bb6 53.
Rh8 h6 54. Rg8 Bd4 55. Rd8 Kc5 56. Ke2 Kc4 57. g4 Kc5 58. Rd7 Kc4 59. h4 Kc5
60. h5 Kc4 61. Kd2 Kc5 62. Kc2 Be5 63. Kd2 Bd4 64. Ke2 Kc4 65. Kd2 {(=)}
1/2-1/2

[Event "2BLW 1819 SV Mülheim Nord 1931 II - SV "]
[Site "?"]
[Date "2019.04.07"]
[Round "9.7"]
[White "Oparaugo, Thomas"]
[Black "Nachbar, Benjamin"]
[Result "1-0"]
[WhiteElo "2025"]
[BlackElo "2113"]
[PlyCount "91"]
[EventDate "2019.??.??"]

1. e4 c6 2. d4 d5 3. exd5 cxd5 4. Bd3 Nc6 5. c3 g6 6. Bf4 Bg7 7. Nf3 Nh6 8. O-O
O-O 9. Re1 f6 10. Nbd2 Nf7 11. Bb5 Re8 12. Qa4 Bd7 13. Bg3 e5 14. dxe5 fxe5 15.
Qb3 e4 16. Bxc6 bxc6 17. Nd4 Ne5 18. a4 Kh8 19. Nf1 Rb8 20. Qc2 Nd3 21. Reb1
Rb7 22. Ne3 Ne5 23. b4 Bc8 24. Bxe5 Bxe5 25. Nxc6 Bxh2+ 26. Kxh2 Qd6+ 27. Kg1
Qxc6 28. Rd1 Re5 29. Qd2 Be6 30. Qd4 Qc7 31. f4 exf3 32. Nc4 dxc4 33. Re1 Qb6
34. Rxe5 Qxd4+ 35. cxd4 Bf5 36. b5 fxg2 37. Rae1 Rf7 38. Re8+ Kg7 39. R1e7 c3
40. Rxf7+ Kxf7 41. Ra8 Ke6 42. Rxa7 c2 43. Rc7 Be4 44. Rc5 g5 45. b6 g4 46. a5
1-0

[Event "2BLW 1819 SV Mülheim Nord 1931 II - SV "]
[Site "?"]
[Date "2019.04.07"]
[Round "9.8"]
[White "Walter, Andreas"]
[Black "Weber, Samuel"]
[Result "0-1"]
[WhiteElo "2163"]
[BlackElo "2126"]
[PlyCount "68"]
[EventDate "2019.??.??"]

1. d4 Nf6 2. c4 e6 3. Nc3 c5 4. d5 exd5 5. cxd5 d6 6. e4 g6 7. Nge2 Bg7 8. Ng3
O-O 9. Be2 a6 10. a4 h5 11. O-O Re8 12. f3 Nh7 13. Be3 h4 14. Nh1 f5 15. Qd2
Nd7 16. Nf2 Ne5 17. Rae1 Bd7 18. Kh1 Rb8 19. exf5 gxf5 20. Nh3 b5 21. axb5 axb5
22. Nf4 b4 23. Nd1 Ra8 24. Nh5 Bh8 25. g3 Ra1 26. Rg1 Kf7 27. Bf2 Qg5 28. f4
Qh6 29. gxh4 Nf6 30. Ng3 Neg4 31. Bxg4 Rxe1 32. Nxf5 Bxf5 33. Bxf5 Raxd1 34.
Be6+ Kf8 0-1

[Event "2BLW 1819 Bochumer SV 02 - SV Koblenz"]
[Site "?"]
[Date "2019.04.07"]
[Round "9.3"]
[White "Wolf, Volker"]
[Black "Wolter, Detlev"]
[Result "1/2-1/2"]
[WhiteElo "2286"]
[BlackElo "2216"]
[PlyCount "28"]
[EventDate "2019.??.??"]

1. e4 e5 2. Nf3 Nc6 3. Bb5 a6 4. Ba4 Nf6 5. O-O Be7 6. Re1 d6 7. c3 b5 8. Bb3
O-O 9. h3 Bb7 10. d4 Re8 11. Ng5 Rf8 12. Nf3 Re8 13. Ng5 Rf8 14. Nf3 Re8
1/2-1/2

[Event "2BLW 1819 Bochumer SV 02 - SV Koblenz"]
[Site "?"]
[Date "2019.04.07"]
[Round "9.5"]
[White "Stewart, Neil"]
[Black "Jellinghaus, Lars"]
[Result "1/2-1/2"]
[WhiteElo "2221"]
[BlackElo "2245"]
[PlyCount "26"]
[EventDate "2019.??.??"]

1. Nf3 d5 2. d4 Nf6 3. c4 e6 4. g3 Be7 5. Bg2 O-O 6. O-O dxc4 7. Qc2 a6 8. Qxc4
b5 9. Qc2 Bb7 10. Bd2 Ra7 11. Rd1 Nbd7 12. a4 Qb8 13. axb5 Be4 1/2-1/2

[Event "2BLW 1819 Bochumer SV 02 - SV Koblenz"]
[Site "?"]
[Date "2019.04.07"]
[Round "9.6"]
[White "Pewny, Uwe"]
[Black "Repplinger, Marc"]
[Result "1/2-1/2"]
[WhiteElo "2212"]
[BlackElo "2209"]
[PlyCount "24"]
[EventDate "2019.??.??"]

1. e4 e6 2. d4 d5 3. Nc3 dxe4 4. Nxe4 Bd7 5. Nf3 Bc6 6. Bd3 Nd7 7. O-O Ngf6 8.
Qe2 Be7 9. c3 O-O 10. Nxf6+ Bxf6 11. Rd1 Bxf3 12. Qxf3 c6 {(=)} 1/2-1/2

[Event "2BLW 1819 Bochumer SV 02 - SV Koblenz"]
[Site "?"]
[Date "2019.04.07"]
[Round "9.7"]
[White "Stahnecker, Ludwig"]
[Black "Schneider, Bernd"]
[Result "1/2-1/2"]
[WhiteElo "2153"]
[BlackElo "2361"]
[PlyCount "21"]
[EventDate "2019.??.??"]

1. e4 g6 2. d4 Bg7 3. Nc3 c6 4. f4 d5 5. e5 h5 6. Nf3 Nh6 7. Be2 Bg4 8. O-O Nf5
9. Ng5 Bxe2 10. Nxe2 e6 11. Ng3 1/2-1/2

[Event "2BLW 1819 SC Remagen Sinzig - DJK Aache"]
[Site "?"]
[Date "2019.04.07"]
[Round "9.1"]
[White "Dambacher, Martijn"]
[Black "Chatalbashev, Boris"]
[Result "1-0"]
[WhiteElo "2500"]
[BlackElo "2521"]
[PlyCount "97"]
[EventDate "2019.??.??"]

1. d4 Nf6 2. c4 g6 3. Nc3 d5 4. cxd5 Nxd5 5. e4 Nxc3 6. bxc3 Bg7 7. Qa4+ Nd7 8.
Nf3 O-O 9. Be2 c5 10. O-O cxd4 11. cxd4 Nc5 12. dxc5 Bxa1 13. e5 Qc7 14. Qf4
Bc3 15. Qe3 Qa5 16. Qh6 f6 17. Bc4+ e6 18. h4 Qxc5 19. h5 Qxc4 20. hxg6 Qc7 21.
Ba3 Qg7 22. gxh7+ Kh8 23. Qxg7+ Kxg7 24. Bxf8+ Kxh7 25. Rc1 Bxe5 26. Nxe5 fxe5
27. Rc7+ Kg6 28. g4 b6 29. Kh2 Bb7 30. Bg7 Bf3 31. Kg3 e4 32. Bd4 Rd8 33. Rg7+
Kh6 34. Bf6 Rd1 35. Kf4 Rd2 36. g5+ Kh5 37. Rh7+ Kg6 38. Rh6+ Kf7 39. Be5 Rxf2
40. g6+ Ke8 41. Bd4 Rf1 42. Ke5 Rh1 43. Rh7 Kf8 44. Kxe6 Kg8 45. Rg7+ Kf8 46.
Rb7 Bg4+ 47. Kd6 Bc8 48. Rh7 Rh3 49. Rh8+ 1-0

[Event "2BLW 1819 SC Remagen Sinzig - DJK Aache"]
[Site "?"]
[Date "2019.04.07"]
[Round "9.2"]
[White "Dgebuadze, Alexandre"]
[Black "Van Dooren, Dirk"]
[Result "1/2-1/2"]
[WhiteElo "2487"]
[BlackElo "2375"]
[PlyCount "23"]
[EventDate "2019.??.??"]

1. e4 c5 2. Nf3 e6 3. d3 d5 4. Qe2 Ne7 5. g3 Nbc6 6. Bg2 g6 7. O-O Bg7 8. Re1
h6 9. c3 d4 10. cxd4 cxd4 11. a3 e5 12. b4 {(=)} 1/2-1/2

[Event "2BLW 1819 SC Remagen Sinzig - DJK Aache"]
[Site "?"]
[Date "2019.04.07"]
[Round "9.3"]
[White "Braga, Fernando"]
[Black "Popovic, Petar"]
[Result "1/2-1/2"]
[WhiteElo "2398"]
[BlackElo "2433"]
[PlyCount "28"]
[EventDate "2019.??.??"]

1. d4 Nf6 2. c4 g6 3. Nf3 Bg7 4. g3 c6 5. Bg2 d5 6. O-O O-O 7. b3 Bf5 8. Bb2 a5
9. Nc3 Ne4 10. Nh4 Nxc3 11. Bxc3 Be6 12. Qd3 Na6 13. Rac1 Nc7 14. a4 f5 1/2-1/2

[Event "2BLW 1819 SC Remagen Sinzig - DJK Aache"]
[Site "?"]
[Date "2019.04.07"]
[Round "9.4"]
[White "Petrisor, Adrian-Marian"]
[Black "Van Dael, Siem"]
[Result "1/2-1/2"]
[WhiteElo "2436"]
[BlackElo "2206"]
[PlyCount "55"]
[EventDate "2019.??.??"]

1. Nf3 Nf6 2. d4 g6 3. g3 Bg7 4. Bg2 O-O 5. O-O d6 6. Re1 c5 7. d5 e6 8. dxe6
fxe6 9. e4 Nc6 10. Nc3 e5 11. Bg5 h6 12. Bxf6 Qxf6 13. Nd5 Qf7 14. c3 Bg4 15.
Re3 Be6 16. Qe2 Rac8 17. Nd2 Ne7 18. Nc4 Rfd8 19. Rd1 Qe8 20. Red3 Nxd5 21.
exd5 Bf5 22. Re3 Qd7 23. Be4 Rf8 24. Bxf5 gxf5 25. f4 e4 26. Kh1 Kh7 27. Qh5
Rce8 28. Re2 {(=)} 1/2-1/2

[Event "2BLW 1819 SC Remagen Sinzig - DJK Aache"]
[Site "?"]
[Date "2019.04.07"]
[Round "9.5"]
[White "Skulener, Wladimir"]
[Black "Polaczek, Richard"]
[Result "1/2-1/2"]
[WhiteElo "2383"]
[BlackElo "2375"]
[PlyCount "31"]
[EventDate "2019.??.??"]

1. d4 d5 2. c4 c6 3. cxd5 cxd5 4. Nf3 Nf6 5. Nc3 Nc6 6. Bf4 Bf5 7. e3 e6 8. Bd3
Bxd3 9. Qxd3 Bd6 10. Bxd6 Qxd6 11. O-O O-O 12. Rac1 Rac8 13. a3 h6 14. Nb1 Ne7
15. Nbd2 Rc7 16. Rxc7 {(=)} 1/2-1/2

[Event "2BLW 1819 SC Remagen Sinzig - DJK Aache"]
[Site "?"]
[Date "2019.04.07"]
[Round "9.7"]
[White "Marcziter, Dmitrii"]
[Black "Huhndorf, Arnold"]
[Result "1/2-1/2"]
[WhiteElo "2200"]
[BlackElo "2251"]
[PlyCount "59"]
[EventDate "2019.??.??"]

1. d4 Nf6 2. c4 c5 3. d5 g6 4. Nc3 Bg7 5. e4 d6 6. h3 O-O 7. Nf3 e6 8. Be2 Re8
9. O-O Na6 10. Re1 exd5 11. exd5 Ne4 12. Nxe4 Rxe4 13. Bd3 Rxe1+ 14. Qxe1 Bd7
15. Bd2 Bxb2 16. Rb1 Ba3 17. Rxb7 Nb4 18. Bb1 Qc8 19. Rxd7 Qxd7 20. Bc3 Rb8 21.
Ng5 Qb7 22. Ne4 Nxd5 23. cxd5 Qxb1 24. Nf6+ Kg7 25. Nd7+ Kg8 26. Nf6+ Kg7 27.
Nd7+ Kg8 28. Nf6+ Kg7 29. Nd7+ Kg8 30. Nf6+ 1/2-1/2

[Event "2BLW 1819 SC Remagen Sinzig - DJK Aache"]
[Site "?"]
[Date "2019.04.07"]
[Round "9.8"]
[White "Busch, Raimund"]
[Black "Juegel, Marcel"]
[Result "1-0"]
[WhiteElo "2196"]
[BlackElo "2207"]
[PlyCount "49"]
[EventDate "2019.??.??"]

1. Nf3 e6 2. c4 b6 3. Nc3 Bb7 4. e4 d5 5. cxd5 exd5 6. exd5 Bxd5 7. Bb5+ c6 8.
Nxd5 Qxd5 9. Qe2+ Be7 10. Bc4 Qd6 11. O-O Nd7 12. Re1 Kf8 13. d4 b5 14. Bb3 Nb6
15. Bd2 Nd5 16. Rac1 a6 17. Rc5 Qc7 18. Rc2 Nb4 19. Bxb4 Bxb4 20. Rec1 Re8 21.
Ne5 c5 22. a3 Ba5 23. Rxc5 Qe7 24. Rc8 Bd8 25. Bxf7 1-0

[Event "2BLW 1819 SG Solingen II - SC Hansa Dor"]
[Site "?"]
[Date "2019.04.07"]
[Round "9.1"]
[White "Markus, Robert"]
[Black "Schlecht, Daniel"]
[Result "1-0"]
[WhiteElo "2600"]
[BlackElo "2370"]
[PlyCount "97"]
[EventDate "2019.??.??"]

1. d4 d5 2. c4 e6 3. Nf3 Nf6 4. g3 Bb4+ 5. Bd2 Bd6 6. Bg2 c6 7. b3 Ne4 8. O-O
O-O 9. Qc2 f5 10. Bc1 Qe7 11. Bb2 b6 12. Nc3 Bb7 13. Ne5 Rc8 14. Nxe4 fxe4 15.
f3 exf3 16. Nxf3 c5 17. cxd5 cxd4 18. Qd3 Bxd5 19. Nxd4 Bxg2 20. Kxg2 Nd7 21.
Rad1 Nc5 22. Qe3 Re8 23. Rf3 a5 24. Nb5 Bc7 25. Rdf1 Rf8 26. Bd4 Rxf3 27. exf3
Re8 28. Rc1 Bd6 29. Nxd6 Qxd6 30. Bxc5 bxc5 31. Rxc5 a4 32. b4 Rd8 33. Kh3 h6
34. b5 Kh8 35. Qc3 Qd1 36. Rc7 Rg8 37. b6 Qf1+ 38. Kh4 Qf2 39. b7 Qxh2+ 40. Kg4
h5+ 41. Kf4 Rf8+ 42. Ke3 Qxg3 43. Rc8 Qxf3+ 44. Kd2 Qg2+ 45. Kc1 Qh1+ 46. Kc2
Qg2+ 47. Qd2 Qe4+ 48. Qd3 Qg2+ 49. Kc3 1-0

[Event "2BLW 1819 SG Solingen II - SC Hansa Dor"]
[Site "?"]
[Date "2019.04.07"]
[Round "9.2"]
[White "Schroeder, Kevin"]
[Black "Heberla, Bartlomiej"]
[Result "0-1"]
[WhiteElo "2336"]
[BlackElo "2553"]
[PlyCount "58"]
[EventDate "2019.??.??"]

1. e4 c5 2. Nf3 e6 3. d4 cxd4 4. Nxd4 Nf6 5. Bd3 Nc6 6. Nxc6 bxc6 7. O-O e5 8.
Qe1 Bc5 9. Be3 Bxe3 10. Qxe3 O-O 11. Nd2 Re8 12. Rae1 d6 13. f4 Ng4 14. Qg3
exf4 15. Rxf4 Ne5 16. Bf1 Qb6+ 17. Qf2 Qxb2 18. Nc4 Nxc4 19. Bxc4 Be6 20. Bxe6
fxe6 21. Rf7 Rf8 22. Rf1 Qb6 23. Qxb6 axb6 24. Rc7 Rxf1+ 25. Kxf1 c5 26. Rc6
Rxa2 27. Rxd6 b5 28. c4 b4 29. Rb6 Rc2 0-1

[Event "2BLW 1819 SG Solingen II - SC Hansa Dor"]
[Site "?"]
[Date "2019.04.07"]
[Round "9.3"]
[White "Klyuner, Vyacheslav"]
[Black "Schaefer, Markus"]
[Result "1/2-1/2"]
[WhiteElo "2438"]
[BlackElo "2381"]
[PlyCount "102"]
[EventDate "2019.??.??"]

1. e4 e6 2. d3 d5 3. Nd2 Nf6 4. Ngf3 Nc6 5. c3 a5 6. e5 Nd7 7. d4 f6 8. exf6
Qxf6 9. Bb5 Bd6 10. O-O O-O 11. Qb3 Ne7 12. Bxd7 Bxd7 13. c4 a4 14. Qd3 c6 15.
b3 Ng6 16. Bb2 Nf4 17. Qe3 Qf5 18. g3 a3 19. Bc3 Rf6 20. Ne5 Bxe5 21. dxe5 Qh3
22. gxf4 Rg6+ 23. Qg3 Rxg3+ 24. fxg3 c5 25. cxd5 exd5 26. Rae1 Re8 27. b4 b6
28. bxc5 bxc5 29. Rf2 Be6 30. Ba5 Rb8 31. Nb3 Rb5 32. Bc7 d4 33. Bd6 Qf5 34.
Nxc5 Rb1 35. Rxb1 Qxb1+ 36. Rf1 Qxa2 37. Nxe6 Qxe6 38. Bxa3 d3 39. Bc1 Qb6+ 40.
Rf2 Qb1 41. Rf1 Qc2 42. e6 Qc5+ 43. Kg2 Qc6+ 44. Kg1 Qxe6 45. Bd2 g6 46. Rf2
Kf7 47. Kg2 Ke8 48. h3 h5 49. Rf3 Qe4 50. Be3 Kf7 51. g4 hxg4 1/2-1/2

[Event "2BLW 1819 SG Solingen II - SC Hansa Dor"]
[Site "?"]
[Date "2019.04.07"]
[Round "9.4"]
[White "Berg, Michael"]
[Black "Scholz, Christian"]
[Result "1/2-1/2"]
[WhiteElo "2299"]
[BlackElo "2373"]
[PlyCount "21"]
[EventDate "2019.??.??"]

1. d4 Nf6 2. c4 g6 3. Nc3 Bg7 4. e4 d6 5. Nf3 O-O 6. Be2 e5 7. O-O Na6 8. Qc2
Nb4 9. Qd1 Na6 10. Qc2 Nb4 11. Qd1 1/2-1/2

[Event "2BLW 1819 SG Solingen II - SC Hansa Dor"]
[Site "?"]
[Date "2019.04.07"]
[Round "9.5"]
[White "Wegener, Olaf"]
[Black "Michalczak, Thomas"]
[Result "1-0"]
[WhiteElo "2420"]
[BlackElo "2226"]
[PlyCount "95"]
[EventDate "2019.??.??"]

1. e4 c5 2. Nf3 d6 3. Bb5+ Bd7 4. Bxd7+ Qxd7 5. c4 Nc6 6. Nc3 g6 7. d4 Bg7 8.
Be3 cxd4 9. Nxd4 Nf6 10. f3 O-O 11. O-O Rfc8 12. b3 Qd8 13. Rc1 Nxd4 14. Bxd4
Nd7 15. Bxg7 Kxg7 16. Nd5 e6 17. Qd4+ Kg8 18. Nc3 Qb6 19. Rfd1 Rc6 20. Nb5 Nf6
21. a4 Ne8 22. Qxb6 Rxb6 23. Rd3 a6 24. Nd4 a5 25. Nb5 Kf8 26. Kf2 Ke7 27. Ke3
Rc8 28. f4 Rc5 29. g3 Nc7 30. Rcd1 Ne8 31. Kd4 Rbc6 32. e5 b6 33. Ke4 f5+ 34.
Ke3 dxe5 35. Rd7+ Kf6 36. Rxh7 exf4+ 37. gxf4 e5 38. h4 exf4+ 39. Kxf4 Ng7 40.
Kf3 Re6 41. Rh8 Rce5 42. Rd3 g5 43. Rh6+ Ke7 44. hxg5 Rxh6 45. gxh6 Ne6 46. h7
Ng5+ 47. Kf4 Nf7 48. h8=Q 1-0

[Event "2BLW 1819 SG Solingen II - SC Hansa Dor"]
[Site "?"]
[Date "2019.04.07"]
[Round "9.6"]
[White "Hobusch, Jan"]
[Black "Kotter, Ralf"]
[Result "1/2-1/2"]
[WhiteElo "2229"]
[BlackElo "2364"]
[PlyCount "29"]
[EventDate "2019.??.??"]

1. d4 Nf6 2. Nf3 e6 3. Bf4 c5 4. c3 Nc6 5. e3 cxd4 6. exd4 d5 7. Nbd2 Nh5 8.
Be3 Bd6 9. Ne5 g6 10. Be2 Ng7 11. Ndf3 f6 12. Nxc6 bxc6 13. Qd2 Nf5 14. Bf4
Bxf4 15. Qxf4 {(=)} 1/2-1/2